| 000 | 00575nam a2200181 i 4500 | ||
|---|---|---|---|
| 001 | 52883 | ||
| 003 | ES-MaACL | ||
| 005 | 20230906162649.0 | ||
| 007 | t| | ||
| 008 | 030905s1928 ne ||||1| dut d | ||
| 100 | 1 |
_aDekker, J. _943267 |
|
| 245 | 1 | 0 |
_aImmunisation locale contre la tuberculose par voie cutanée / _cpar J. Dekker ; préface de A. Besredka. |
| 260 |
_aAmsterdam : _bH.J. Paris, _c1928. |
||
| 300 |
_aVIII, 104 p., 17 lám. : _bil. ; _c25 cm. |
||
| 650 | 4 |
_aTuberculosis- _xTratamiento. _9151845 |
|
| 700 | 1 |
_aBesredka, A. _928592 |
|
| 852 |
_aES-MaACL _jE-1002 |
||
| 999 |
_c52883 _d52883 |
||